| 000 | 00609nam a2200241Ia 4500 | ||
|---|---|---|---|
| 003 | OSt | ||
| 005 | 20221005093513.0 | ||
| 006 | a|||||r|||| 00| 0 | ||
| 007 | ta | ||
| 008 | 221004b |||||||| |||| 00| 0 eng d | ||
| 024 | _a103415 | ||
| 037 | _cTextual | ||
| 040 |
_aCRL _cCRL _beng |
||
| 041 |
_2eng _aeng |
||
| 082 | _aC2, L 5 | ||
| 100 |
_aGoodstein David L _9618447 |
||
| 245 | 0 | _aStates of matter | |
| 260 |
_aNew Jesey _bPrentice -Hall Inc. _c1975 |
||
| 500 | _aDSK Collection | ||
| 650 | _aPHYSICS | ||
| 942 |
_hC2, L 5 _cTEXL _2cc |
||
| 999 |
_c1000510 _d1000510 |
||